Euroopan maantiedettä kirjaimittain - P #1 - Statistics

Yleistilastot
  • Tätä visaa on pelattu 1 116 kertaa
  • Keskiarvotulos 12 / 20
Vastaustilastot
Vihje Vastaus % Oikein
Islanti, Norja, Ruotsi, Suomi ja Tanska {Pohjois}maat
98%
Saksa aloitti toisen maailmansodan hyökkämällä tähän valtioon 1939 Puola
98%
Tšekin pääkaupunki Praha
93%
Kaltevasta tornistaan tunnettu kaupunki Pisa
91%
Suuri merenlahti Suomen ja Ruotsin välissä {Pohjan}lahti
85%
Valtio Pyreneiden niemimaalla Portugali
83%
Vuoristo Espanjan ja Ranskan välissä Pyreneet
81%
Vatikaanissa sijaitseva kirkko, jota pidetään maailman suurimpana ainakin joidenkin mittausten mukaan {Pietarin}kirkko
67%
Yksi entisen Jugoslavian valtioista Pohjois-Makedonia
62%
Budan kanssa vuonna 1873 yhdistynyt kaupunki Pest
59%
Suomen vuonna 1944 Neuvostoliitolle luovuttama Pohjoisen jäämeren rannalle yltävä alue Petsamo
57%
Lontoon vastine Times Squarelle {Piccadilly} Circus
54%
Sisilian pääkaupunki Palermo
53%
"La Ville Lumière" Pariisi
46%
Härkäjuoksusta tunnettu kaupunki Espanjassa Pamplona
43%
Roomassa sijaitseva antiikinaikainen monumentti, joka tunnetaan pyöreästä kupolistaan Pantheon
40%
Mallorcan suurin kaupunki Palma
38%
Athenelle pyhitetty temppeli Ateenassa Parthenon
35%
Etelä-Kreikassa sijaitseva suuri niemimaa, jonka nimi tarkoittaa "Pelopsin saarta" Peloponnesos
30%
Alue Ranskan kaakkoisosissa Provence
12%
Ehtoja vastaavia visoja ei löytynyt
Tulosjakauma
Jokaisen tuloksen saaneiden osuus
Persentiili vastausten määrän mukaan
Tuloshistoriasi
Et ole pelannut tätä visaa